Statistics for Red, Yellow and Green Flags

Click here to take the quiz!

General Stats

  • This quiz has been taken 41 times
  • The average score is 8 of 14

Answer Stats

Answer% Correct
Bolivia
78%
Guinea
78%
Cameroon
70%
Guinea-Bissau
70%
Mali
70%
Senegal
70%
Ghana
67%
Benin
63%
Burkina Faso
59%
Grenada
56%
Togo
56%
Ethiopia
52%
Sao Tome and Principe
41%
Republic of Congo
19%

Score Distribution

Percentile by Number Answered

Percent of People with Each Score

Your Score History

You have not taken this quiz